Prolog programming for artificial intelligence
Αποθηκεύτηκε σε:
| Κύριος συγγραφέας: | |
|---|---|
| Μορφή: | Βιβλίο |
| Γλώσσα: | English |
| Δημοσίευση: |
Wokingham, England : Reading, Mass. :
Addison-Wesley,
c1986
|
| Σειρά: | International computer science series
|
| Θέματα: | |
| Ετικέτες: |
Προσθήκη ετικέτας
Δεν υπάρχουν, Καταχωρήστε ετικέτα πρώτοι!
|
MARC
| LEADER | 00000cam a2200000 i 4500 | ||
|---|---|---|---|
| 001 | 1/45390 | ||
| 008 | 960328s1986 eng d | ||
| 020 | |a 0201142244 ((pbk.)) |c Ή13.95 | ||
| 035 | |l 10026137 | ||
| 040 | |a GR-MY-UA |b gre |e aacr | ||
| 041 | 0 | |a eng | |
| 082 | 0 | |a 006.3 |2 (19) | |
| 100 | 1 | |a Bratko, Ivan. | |
| 245 | 1 | 0 | |a Prolog programming for artificial intelligence / |c Ivan Bratko |
| 260 | |a Wokingham, England : |a Reading, Mass. : |b Addison-Wesley, |c c1986 | ||
| 300 | |a xvii, 423 p.; |b ill.; |c 24 cm | ||
| 490 | 1 | |a International computer science series | |
| 500 | |a Includes index | ||
| 650 | 0 | 0 | |a Artificial intelligence |x Data processing. |
| 650 | 0 | 0 | |a Prolog (Computer program language) |
| 830 | 0 | |a International computer science series | |
| 852 | |a INST |b CHIOS |e 19960328 |h 006.3 BRA |p 005200000518 |q 005200000518 |t BK |y 0 | ||
| 909 | |a Χ |b 003842 | ||